Linking crises: Connections between climate change and Covid-19 during American, Canadian, Dutch, and Lithuanian national elections (2020-2021) (Record no. 529860)

000 -LEADER
fixed length control field 01740nam a22001457a 4500
008 - FIXED-LENGTH DATA ELEMENTS--GENERAL INFORMATION
fixed length control field 250509b ||||| |||| 00| 0 eng d
100 ## - MAIN ENTRY--PERSONAL NAME
Personal name Dooremalen, Thijs Van Sniečkutė, Marija Gaižauskaitė, Inga and Lachance, Anne
245 ## - TITLE STATEMENT
Title Linking crises: Connections between climate change and Covid-19 during American, Canadian, Dutch, and Lithuanian national elections (2020-2021)
260 ## - PUBLICATION, DISTRIBUTION, ETC. (IMPRINT)
Place of publication, distribution, etc International Sociology
300 ## - PHYSICAL DESCRIPTION
Extent 42(1), Jan, 2025: p.58-81
520 ## - SUMMARY, ETC.
Summary, etc Crisis responses are created in reference to the meanings of other crises. We develop the notion of ‘linking crises’ to capture this phenomenon and apply it to two contemporary global crises: climate change and COVID-19. Concretely, we study four crisis linkage dimensions in American, Canadian, Dutch, and Lithuanian party manifestos for national elections from the pandemic heydays (2020–2021): (1) how often links were drawn; (2) the issues they were related to; (3) the argumentative strategies for making connections; and (4) and the political level on which this occurred. We find many cross-national similarities. For instance, in every country links with economic and environmental issues were very present, an argumentative trope of ‘building back better’ was employed by various political parties, and the majority of the connections were made at supra-national levels. These findings bring up the question of when cross-national parity in crisis responses does (not) occur.- Reproduced

https://journals.sagepub.com/doi/full/10.1177/02685809241268027
650 ## - SUBJECT ADDED ENTRY--TOPICAL TERM
Topical term or geographic name as entry element Crisis, Climate change, Covid, meaning-making, Discourse, Comparative politics, National elections.
9 (RLIN) 52974
773 ## - HOST ITEM ENTRY
Main entry heading International Sociology
942 ## - ADDED ENTRY ELEMENTS (KOHA)
Item type Articles
Holdings
Withdrawn status Lost status Source of classification or shelving scheme Damaged status Not for loan Permanent location Current location Date acquired Serial Enumeration / chronology Barcode Date last seen Koha item type
          Indian Institute of Public Administration Indian Institute of Public Administration 2025-05-09 42(1), Jan, 2025: p.58-81 AR135692 2025-05-09 Articles

Powered by Koha